000 00511nam a2200181 i 4500
001 149930
003 ES-MaACL
005 20230906203320.0
007 t|
008 071025s1957 sp ||||1| spa d
100 1 _aVander, Adrianus.
_9113059
245 1 0 _aEnergía y salud por la gimnasia... /
_cA. Vander.
250 _aNueva edición.
260 _aBarcelona :
_bVander,
_c1957.
300 _a144 p., 10 lám. :
_bil. ;
_c18 cm.
650 4 _aGimnasia.
_9148136
852 _aES-MaACL
_jC-24395
_bR.42002
999 _c149930
_d149930